000 00354nam a2200133Ia 4500
008 240624s9999 xx 000 0 und d
041 _aeng
082 _a332.63 SIM
100 _aSIMOZAR SAIED
245 _aADVANCED FIXED INCOME AND DERIVATIVES MA
260 _c2015
_aUnited Kingdom
_bWiley
300 _axxxviii, : 322 : p. : cm. ; 25
365 _c
_b30
999 _c26626
_d26626